| 000 | 00593nam a2200193 a 4500 | ||
|---|---|---|---|
| 005 | 20140310183554.0 | ||
| 008 | 111026s19uu xx 00 eng d | ||
| 020 | _a9780470561997 | ||
| 050 |
_aHD 62.4 _b.C355 2010 |
||
| 100 | _aCalloway, Joe | ||
| 245 |
_aNever by chance : _baligning people and strategy through intentional leadership / _cJoe Calloway, Chuck Feltz, Kris Young. |
||
| 260 |
_aNew Jersey : _bJohn Wiley & Sons, _c2010. |
||
| 300 |
_a154 p. : _c24 cm. |
||
| 521 | _aBSBA | ||
| 650 | _aBusiness planning | ||
| 650 | _aLeadership | ||
| 942 |
_cBK _2lcc _kFOR |
||
| 999 |
_c25002 _d25002 |
||